Statistics for World Capitals Closest to Sarajevo - 15 Second Sprint

Click here to take the quiz!

General Stats

  • This quiz has been taken 79 times
  • The average score is 4 of 20

Answer Stats

kmcapitalmiles% Correct
290Zagreb180
78%
192Belgrade120
63%
174Podgorica108
40%
393Ljubljana244
30%
321Skopje200
28%
304Tirana189
25%
792Athens492
23%
530Rome329
20%
259Pristina161
17%
418Sofia260
17%
408Budapest254
12%
618Bucharest384
10%
532Vatican City331
8%
508Vienna316
8%
488Bratislava303
7%
470Prague757
5%
479San Marino298
5%
783Vaduz487
3%
887Chișinău551
2%
882Monaco548
0%

Score Distribution

Percentile by Number Answered

Percent of People with Each Score

Your Score History

You have not taken this quiz